ロード中...
Jeevitha silpikal
| 第一著者: | |
|---|---|
| フォーマット: | Printed Book |
| 言語: | Malayalam |
| 出版事項: |
Nalinidevi
Nalinidevi
1971
|
| LEADER | 00409nam a2200121Ia 4500 | ||
|---|---|---|---|
| 008 | 111205s9999 xx 000 0 mal d | ||
| 100 | |a Sreedaran. C.P. | ||
| 245 | |a Jeevitha silpikal |c Sreedaran. C.P. | ||
| 260 | |b Nalinidevi |a Nalinidevi |c 1971 | ||
| 300 | |a 0 | ||
| 942 | |c BK | ||
| 999 | |c 216640 |d 216640 | ||
| 952 | |0 0 |1 0 |2 ddc |4 0 |6 S_10R1 |7 0 |9 239467 |a MAL |b MAL |c SEC |d 2011-12-05 |g 0.00 |l 0 |o S10R1 |p MAL4743 |r 2011-12-05 |v 0.00 |w 2011-12-05 |y BK | ||